000 00865nam a22002535i 4500
001 176462
003 ES-MaACL
005 20250829131837.0
008 110118s1969 sp |||| | spa d
080 _a2:37
080 _a27-14
100 1 _aBiss, P.
_9144787
245 1 0 _aNuestro Dios
_b: lecciones de enseñanza bíblica y de catecismo /
_cpor P. Biss y J. Burckle.
260 _aMadrid :
_bApostolado de la prensa,
_cimp. 1969.
300 _a80 p. ;
_c23 cm.
490 1 _aCuadernos de pedagogía religiosa. Niños nº 2 ;
_v1
650 4 _aReligión-
_xEnseñanza.
_9144779
650 4 _aDios-
_xConocimiento.
_911903
700 1 _aBurckle, J.
_9144788
710 0 _aApostolado de la Prensa.
_91403
830 0 0 _aCuadernos de pedagogía religiosa
_v1
_9190056
852 _aES-MaACL
_jE-14074 (1)
_xOlim P-1658
999 _c176462
_d176462